000 00729cab a2200277 4500
001 X3671
008 090401t1996 xxu||||| |||| 00| 0 eng d
035 _a(Sirsi) u32012
041 _aeng
100 _aAlkass, S.
245 _aConstruction delay analysis techniques
260 _c1996
350 _a0
490 _aConstruction Management & Economics
_v[1996] 14, 375-394(20)
650 _aCONSTRIUCTION PLANNING
650 _aCONSTRUCTION DELAYS
650 _aCONSTRUCTION MANAGEMENT
_96230
650 _aEXPERT SYSTEMS
650 _aISOLATED DELAY TYPE
650 _aPROJECT CONTROL
690 _aBUILT ENVIRONMENT
700 _aMazerolle, M
700 _aHarris, F.
942 _n0
948 _c04/03/1997
999 _c21481
_d21481